000 02579cam a2200313 4500500
005 20260111120658.0
041 _afre
042 _adc
100 1 0 _aRayna, Sylvie
_eauthor
245 0 0 _a« Ça part de l’accueil déjà, de la porte qui va s’ouvrir ». Scripts et performances à l’arrivée dans les Lieux d’Accueil Enfants-Parents
260 _c2017.
500 _a10
520 _aCet article concerne les pratiques dans les lieux d’accueil enfants-parents (LAEP) français. Il s’appuie sur l’analyse d’observations de séances de cinq lieux répartis sur trois territoires urbains et d’entretiens avec leurs équipes. Après avoir brièvement contextualisé l’émergence et le développement de ces lieux, puis présenté le cadre théorique pluriel de l’étude et sa méthodologie, l’analyse se centre sur les premiers pas des arrivant.e.s (adultes et enfants) dans ces LAEP. Les « pas de danse » des différents protagonistes lors de ces rencontres initiales se sont avérés des indicateurs précieux des processus de socialisation complexes en jeu, montrant la façon dont sont performés les « scripts » de ces lieux.
520 _aThis article is focused on practices in French ‘Parent and Child’ centres, named lieux d’accueil enfants-parents (LAEP). It is based on an analysis of observations of sessions in five centres, spread over three French urban localities, and interviews with their staffs. After a brief presentation of the context in which these centres emerged and developed, and of the multi-pronged theoretical framework of this study and its methodology, we focus upon the inaugural steps of adults and children entering these centres. The dance-like moves of the various protagonists in these initial encounters have proven to be useful indicators of the sophisticated socialization processes underway, while revealing at the same time the ways in which « scripts » are played out in such contexts.
690 _aaccueil
690 _alieux d’accueil enfants-parents
690 _aperformance
690 _arencontre
690 _ascript
690 _asoutien
690 _acentres for parents and young children
690 _ameeting
690 _aperformance
690 _ascript
690 _asupport
690 _awelcoming
786 0 _nRevue internationale de l'éducation familiale | 40 | 2 | 2017-05-15 | p. 39-60 | 1279-7766
856 4 1 _uhttps://shs.cairn.info/revue-la-revue-internationale-de-l-education-familiale-2016-2-page-39?lang=fr&redirect-ssocas=7080
999 _c1634140
_d1634140